| 000 | 00920 a2200265 4500 | ||
|---|---|---|---|
| 001 | 116923 | ||
| 020 | _a9788538077466 | ||
| 020 | _q(Broch.) | ||
| 041 | _apor | ||
| 082 | _a028.5 | ||
| 100 | _aYarlett, Emma. | ||
| 300 | _a32 p. | ||
| 500 | _aLivro contém fita preta. Uso restrito aos professores. | ||
| 520 | _aMordisco, o monstro comedor de livros, foi mastigando, mastigando e saiu de seu próprio livro, e agora está causando travessuras e confusão nas histórias dos outros! Cuidado! | ||
| 521 | _aYear 1 | ||
| 697 | _aLiteratural infantil | ||
| 856 | _u000027/0000277f.jpg | ||
| 040 |
_aBR-BrIDEA _cBR-BrIDEA |
||
| 090 |
_aA Year 1 028 _bYAR |
||
| 240 | 1 | 0 |
_aNibbles: the book monster _lPortugues |
| 245 | 1 | 0 |
_aMordisco _bo monstro de livros _cEmma Yarlett; tradução de Monique D'Orazio |
| 260 |
_aSão Paulo _bCiranda Cultural _c2018 |
||
| 700 |
_aD'Orazio, Monique _etradutor |
||
| 942 | _cBK | ||
| 999 |
_c116923 _d116923 |
||